Statistics for Crowd-Sourced General Knowledge #15

Click here to take the quiz!

General Stats

  • This quiz has been taken 24,883 times
  • The average score is 13 of 20

Answer Stats

QuestionAnswer% Correct
What are glucose, fructose, and sucrose?Types of sugar
95%
The ISS is the third brightest object in the night sky. What does ISS stand for?International
Space Station
86%
What, according to cliché, is a dish best served cold?Revenge
85%
What U.S. civil rights activist is said to have "taken a stand by staying seated"?Rosa Parks
75%
Who is the mascot of Sega?Sonic the Hedgehog
71%
What is generally considered the world's longest species of snake,
despite a lack of firm evidence?
Reticulated python
70%
What Venetian explorer traveled to China and met Kublai Khan?Marco Polo
69%
Who was the first Baby Boomer to be elected President of the United States?Bill Clinton
68%
The disorder formerly called ADD is now often called ADHD. What does the H stand for?Hyperactivity
66%
Name a country that is an "enclave".
Vatican City /
Lesotho /
San Marino
64%
It's in Italy and it's the tallest active volcano in Europe. What is it?Mount Etna
62%
What song starts "The warden threw a party in the county jail"?Jailhouse Rock
59%
Who wrote a popular science book called "A Brief History of Time"?Stephen Hawking
58%
In 2018, New Caledonia voted NOT to become independent. What country did they
elect to stay part of?
France
55%
In which country would you find the city of Mombasa?Kenya
55%
What part of the world is nearly encircled by the Ring of Fire?Pacific Ocean
54%
Among the top ten countries with the most population, which one has the smallest area?Bangladesh
50%
On what part of the body would you be most likely to find an epaulette?Shoulder
48%
What is Canada's smallest province by size and population?Prince Edward Island
46%
What world-famous author has written a series of crime novels for adults
under the pen name Robert Galbraith?
J. K. Rowling
44%

Score Distribution

Percentile by Number Answered

Percent of People with Each Score

Your Score History

You have not taken this quiz